000 00741nam a2200229 a 4500
001 000010509
005 20260305073958.0
008 091007t1985 dr 001 p spa d
040 _aDO-SdBNP
_bspa
_cBNPHU
082 _aRD861.44
_bT693a
100 1 _aTorres, Luis Alfredo,
_d1935-1992
_9276
245 1 0 _aAntología poética /
_cLuis Alfredo Torres ; prólogo Cándido Gerón.
260 _aSanto Domingo :
_bEditorial Santo Domingo,
_c1985.
300 _a96 p. ;
_c21 cm.
490 1 _aOrfeo
590 _aInventariado, 2019/LP
650 0 _aPoesía dominicana
_966
650 0 _aLiteratura dominicana.
_967
700 1 _aGerón, Candido,
_d1948-
_epról.
_93577
830 0 _aOrfeo
_918812
910 _aValidado. Control de calidad EMS.
999 _c10268
_d10268